The Great painter-etchers from Rembrandt to Whistler (Record no. 2380)

MARC details
000 -CABECERA
campo de control de longitud fija 00706nam a2200229 a 4500
001 - NÚMERO DE CONTROL
campo de control BRCA_2640
005 - FECHA Y HORA DE LA ÚLTIMA TRANSACCIÓN
campo de control 20190320203913.0
008 - DATOS DE LONGITUD FIJA--INFORMACIÓN GENERAL
campo de control de longitud fija 011208s1914----enka---###---#000-0#eng-u
050 #4 - SIGNATURA TOPOGRÁFICA DE LA BIBLIOTECA DEL CONGRESO
Número de clasificación NE2135
Número de documento/Ítem .S25 1914
100 1# - ENTRADA PRINCIPAL--NOMBRE DE PERSONA
Nombre de persona Salaman, Malcolm Charles
9 (RLIN) 7508
245 10 - MENCIÓN DE TÍTULO
Título The Great painter-etchers from Rembrandt to Whistler
Mención de responsabilidad, etc. by Malcolm C. Salaman ; ed. by Charles Holme.
260 ## - PUBLICACIÓN, DISTRIBUCIÓN, ETC.
Lugar de publicación, distribución, etc. London
Nombre del editor, distribuidor, etc. The Studio
Fecha de publicación, distribución, etc. 1914
300 ## - DESCRIPCIÓN FÍSICA
Extensión 264 p.
Otras características físicas il.
Dimensiones 30 cm.
500 ## - NOTA GENERAL
Nota general Incluye índice de ilustraciones.
500 ## - NOTA GENERAL
Nota general A83
650 14 - PUNTO DE ACCESO ADICIONAL DE MATERIA--TÉRMINO DE MATERIA
Término de materia o nombre geográfico como elemento de entrada Aguafuertes
9 (RLIN) 7433
650 14 - PUNTO DE ACCESO ADICIONAL DE MATERIA--TÉRMINO DE MATERIA
Término de materia o nombre geográfico como elemento de entrada Aguafuertistas
9 (RLIN) 7509
700 1# - PUNTO DE ACCESO ADICIONAL--NOMBRE DE PERSONA
Nombre de persona Holme, Charles
Fechas asociadas al nombre 1848-1923
Término indicativo de función/relación ed.
9 (RLIN) 7510
700 1# - PUNTO DE ACCESO ADICIONAL--NOMBRE DE PERSONA
Nombre de persona Painter-etchers
9 (RLIN) 7511
902 ## - CATALOGADOR
Iniciales GFM
942 ## - ELEMENTOS DE PUNTO DE ACCESO ADICIONAL (KOHA)
Fuente del sistema de clasificación o colocación Library of Congress Classification
Tipo de ítem Koha Libros
Holdings
Estado de retiro Estado de pérdida Estado dañado No para préstamo Localización permanente Ubicación/localización actual Fecha de adquisición Número de inventario Total de préstamos Signatura topográfica completa Código de barras Fecha visto por última vez Precio válido a partir de Tipo de ítem Koha
El ejemplar forma parte de la colección y puede ser consultado según las políticas vigentes.       Biblioteca del Museo Franz Mayer (Rogerio Casas-Alatriste) Biblioteca del Museo Franz Mayer (Rogerio Casas-Alatriste) 01/12/2008 A83   NE2135 .S25 1914 (A83) 2637 22/03/2019 22/03/2019 Libros